00329nam a2200121 4500020001500000082001700015100002200032245006600054260003000120300001000150650002200160650002500182 a0669038644 a540.0724 BEM aBeMiller,James.N  aLaboratory guide for General,Organic and Biological chemistry aLexintonbD.C.Heathc1982 a121 p aorganic chemistry aBiological chemistry